000 00244nam a2200109 4500
082 _aPRA
100 _aPrasad, I.B.
245 _aA Textbook of Applied Mechanics
260 _aIndia:
_bKhanna Publishers,
_c1996.
300 _a1223p. ;
942 _cBK
999 _c9185
_d9185